Libro primero de Cabildos de Lima / (Record no. 157748)

MARC details
000 -LEADER
campo de control de longitud fija 01508nam a22003135i 4500
001 - NÚMERO DE CONTROL
campo de control 157748
003 - IDENTIFICADOR DE NÚMERO DE CONTROL
campo de control ES-MaACL
005 - FECHA Y HORA DE LA ÚLTIMA TRANSACCIÓN
campo de control 20230906210833.0
008 - DATOS DE LONGITUD FIJA--INFORMACIÓN GENERAL
campo de control de longitud fija 970306s1888 fr |||| | spa d
080 ## - NÚMERO DE LA CLASIFICACIÓN DECIMAL UNIVERSAL
Número de la Clasificación Decimal Universal 929.52(85)
080 ## - NÚMERO DE LA CLASIFICACIÓN DECIMAL UNIVERSAL
Número de la Clasificación Decimal Universal 94(85)"1522/48"(093)
080 ## - NÚMERO DE LA CLASIFICACIÓN DECIMAL UNIVERSAL
Número de la Clasificación Decimal Universal 94(851.1 L.)"15"(093)
245 00 - MENCIÓN DEL TÍTULO
Título Libro primero de Cabildos de Lima /
Mención de responsabilidad, etc. descifrado y anotado por Enrique Torres Saldamando ; con la colaboración de Pablo Patrón y Nicanor Boloña.
260 ## - PUBLICACIÓN, DISTRIBUCIÓN, ETC.
Lugar de publicación, distribución, etc. Paris :
Nombre del editor, distribuidor, etc. [s.n.],
Fecha de publicación, distribución, etc. 1888 (
Fabricante Imp. Paul Dupont)
300 ## - DESCRIPCIÓN FÍSICA
Extensión 3 t. en 2 v. (XXI, [6], 445 p., [2] h. de lám.; [8], 426 p., [27] h. de lám.; VII, 222 p., [2] h. de lám.) ;
Dimensiones 38 cm.
505 8# - NOTA DE CONTENIDO CON FORMATO
Nota de contenido con formato Contiene: Pte. 1. Actas desde 1535 a 1539: anotaciones -- Pte. 2. Apéndices -- Pte. 3. Documentos
530 ## - NOTA DISPONIBLE DE FORMULARIO FÍSICO ADICIONAL
Nota de formato físico adicional disponible Disponible en formato digital.
596 ## - NOTA AL PIE DE IMPRENTA
NOTA AL PIE DE IMPRENTA Fecha de cub.: 1900.
597 ## - NOTA DE DESCRIPCIÓN FÍSICA
NOTA DE DESCRIPCIÓN FÍSICA Port. en v 1 a varias tintas.
599 ## - NOTA A LAS ILUSTRACIONES
NOTA A LAS ILUSTRACIONES Lám.: litografías col. y n.
651 #4 - PUNTO DE ACCESO ADICIONAL DE MATERIA--NOMBRE GEOGRÁFICO
Nombre geográfico Lima-
Subdivisión general Historia.
9 (RLIN) 8920
651 #4 - PUNTO DE ACCESO ADICIONAL DE MATERIA--NOMBRE GEOGRÁFICO
Nombre geográfico Perú-
Subdivisión general Historia-
Subdivisión cronológica Descubrimiento y conquista, 1522-1548-
Subdivisión de forma Fuentes.
9 (RLIN) 9227
651 #4 - PUNTO DE ACCESO ADICIONAL DE MATERIA--NOMBRE GEOGRÁFICO
Nombre geográfico Perú-
Subdivisión general Genealogía.
9 (RLIN) 157808
700 1# - ENTRADA AGREGADA--NOMBRE PERSONAL
Nombre de persona Torres Saldamando, Enrique.
9 (RLIN) 133330
700 1# - ENTRADA AGREGADA--NOMBRE PERSONAL
Nombre de persona Patron, Pablo.
9 (RLIN) 130899
700 1# - ENTRADA AGREGADA--NOMBRE PERSONAL
Nombre de persona Boloña, Nicanor.
9 (RLIN) 126049
852 4# - LOCALIZACIÓN
Ubicación ES-MaACL
Número de control de estantería C-782-83
Nota libre - Enc. pasta española conservando cub. originales
-- - Dedicatoria autógrafa de Luis Ulloa a la Biblioteca del Ateneo, 1901
856 4# - LOCALIZACIÓN Y ACCESO ELECTRÓNICOS
Identificador Uniforme de Recursos <a href="http://bdh-rd.bne.es/viewer.vm?id=0000012763&page=1 ">http://bdh-rd.bne.es/viewer.vm?id=0000012763&page=1 </a>
Nota pública Biblioteca Digital Hispánica
Holdings
Estatus retirado Estado de pérdida Estado de daño No para préstamo Colección Biblioteca de origen Biblioteca actual Ubicación en estantería Fecha de adquisición Total de préstamos Signatura topográfica completa Código de barras Visto por última vez Precio de reemplazo Tipo de ítem Koha
        Colección digital Biblioteca del Ateneo de Madrid Biblioteca del Ateneo de Madrid Sala Palomar 17/01/2008   C-782-83 1165081 23/02/2023 23/02/2023 Libro impreso antiguo